<?xml version="1.0" encoding="UTF-8"?><marc:collection xmlns:marc="http://www.loc.gov/MARC21/slim">
  <marc:record>
    <marc:leader>00000ngs##2200000za#4500</marc:leader>
    <marc:controlfield tag="001">9.512187</marc:controlfield>
    <marc:controlfield tag="003">CaOODSP</marc:controlfield>
    <marc:controlfield tag="005">20200325132749</marc:controlfield>
    <marc:controlfield tag="007">vd |v||||</marc:controlfield>
    <marc:controlfield tag="008">150406c2010||||xxc||#p q||||f|   |0fre|d</marc:controlfield>
    <marc:datafield tag="022" ind1=" " ind2=" ">
      <marc:subfield code="a">1926-0156</marc:subfield>
    </marc:datafield>
    <marc:datafield tag="040" ind1=" " ind2=" ">
      <marc:subfield code="a">CaOODSP</marc:subfield>
      <marc:subfield code="b">fre</marc:subfield>
    </marc:datafield>
    <marc:datafield tag="041" ind1=" " ind2=" ">
      <marc:subfield code="a">eng</marc:subfield>
    </marc:datafield>
    <marc:datafield tag="041" ind1=" " ind2=" ">
      <marc:subfield code="a">fre</marc:subfield>
    </marc:datafield>
    <marc:datafield tag="043" ind1=" " ind2=" ">
      <marc:subfield code="a">n-cn---</marc:subfield>
    </marc:datafield>
    <marc:datafield tag="086" ind1="1" ind2=" ">
      <marc:subfield code="a">Ci1-8-DVD</marc:subfield>
    </marc:datafield>
    <marc:datafield tag="110" ind1="1" ind2=" ">
      <marc:subfield code="a">Canada. </marc:subfield>
      <marc:subfield code="b">Citoyenneté et immigration Canada. </marc:subfield>
      <marc:subfield code="b">Direction générale de la recherche et de l'évaluation.</marc:subfield>
    </marc:datafield>
    <marc:datafield tag="245" ind1="1" ind2="0">
      <marc:subfield code="a">Faits et chiffres, aperçu de l'immigration : </marc:subfield>
      <marc:subfield code="h">[enregistrement vidéo]</marc:subfield>
      <marc:subfield code="b">résidents permanents et temporaires </marc:subfield>
    </marc:datafield>
    <marc:datafield tag="260" ind1=" " ind2=" ">
      <marc:subfield code="a">Ottawa - Ontario : </marc:subfield>
      <marc:subfield code="b">Citoyenneté et Immigration Canada. </marc:subfield>
    </marc:datafield>
    <marc:datafield tag="310" ind1=" " ind2=" ">
      <marc:subfield code="a">Annuel</marc:subfield>
    </marc:datafield>
    <marc:datafield tag="520" ind1="3" ind2=" ">
      <marc:subfield code="a">Ce recueil d’information statistique sur le programme d’immigration du Canada fournit des renseignements sur les résidents permanents et temporaires qui sont venus au Canada. Ces renseignements sont particulièrement utiles pour les analystes du gouvernement et du secteur privé. Le recueil renferme des données annuelles sur l’immigration (dont une section historique remontant à 1860), les résidents permanents et les résidents temporaires. Les tableaux statistiques sont accompagnés de graphiques et de figures.</marc:subfield>
    </marc:datafield>
    <marc:datafield tag="776" ind1="0" ind2="#">
      <marc:subfield code="t">Facts and figures, immigration overview : </marc:subfield>
      <marc:subfield code="w">(CaOODSP)9.511938</marc:subfield>
    </marc:datafield>
    <marc:datafield tag="776" ind1="0" ind2="#">
      <marc:subfield code="t">Faits et chiffres ..., aperçu de l'immigration</marc:subfield>
      <marc:subfield code="w">(CaOODSP)9.502222</marc:subfield>
    </marc:datafield>
    <marc:datafield tag="776" ind1="0" ind2="#">
      <marc:subfield code="t">Faits et chiffres, aperçu de l'immigration : </marc:subfield>
      <marc:subfield code="w">(CaOODSP)9.513951</marc:subfield>
    </marc:datafield>
    <marc:datafield tag="776" ind1="0" ind2="#">
      <marc:subfield code="t">Facts and figures, immigration overview : </marc:subfield>
      <marc:subfield code="w">(CaOODSP)9.515629</marc:subfield>
    </marc:datafield>
    <marc:datafield tag="791" ind1=" " ind2=" ">
      <marc:subfield code="t">Facts and figures, immigration overview : </marc:subfield>
      <marc:subfield code="e">eng</marc:subfield>
      <marc:subfield code="w">(CaOODSP)9.512186</marc:subfield>
    </marc:datafield>
  </marc:record>
</marc:collection>
